00479nam a2200145Ia 4500008004100000020001500041041000800056082001700064100010400081245007800185250000600263260003300269300001300302650001800315210716s2002 xx 000 0 und d a8174462570 aeng a005.133 SINA aSinghal, Alok; Mishra, Adhir; Bhutani, K K; Shukla, K N; Jaiswal, R K; Singh, S K; Kumar, Upendra;. aProgramming and problem solving: through c language.bThrough c language. a1 aNew DelhibExcel Booksc2002 aviii,297 aC Programming